| 000 | 00558nam a2200169Ia 4500 | ||
|---|---|---|---|
| 008 | 090711s9999 xx 000 0 und d | ||
| 082 | _b105 | ||
| 100 | _aबागुल प्रभाकर | ||
| 245 | _aदुर्गेश्वरी. | ||
| 260 |
_bशांती पब्लिकेशन्स _c2000 |
||
| 300 | _a272 | ||
| 600 | _aबागुल प्रभाकर | ||
| 630 | _aदुर्गेश्वरी. | ||
| 700 | _aबागुल प्रभाकर | ||
| 730 | _aदुर्गेश्वरी. | ||
| 942 | _cBOOK | ||
| 999 |
_c337082 _d337082 |
||